Európske družstvo ako forma podnikania

Základné pojmové znaky európskeho družstva podľa nariadenia a zákona o európskom družstve. Predmet podnikania európskeho družstva. Založenie európskeho družstva. Základné imanie. Vznik a zánik členstva v európskom družstve. Sídlo, orgány európskeho družstva. Účasť zamestnancov na riadení európskeho...

Ausführliche Beschreibung

Gespeichert in:
Bibliographische Detailangaben
1. Verfasser: Veterníková, Mária, 1964-
Format: Buchkapitel
Sprache:Slowakisch
Schlagworte:
Tags: Tag hinzufügen
Keine Tags, Fügen Sie das erste Tag hinzu!

MARC

LEADER 00000nla$a2200000$$$4500
001 0125245
005 20240502083317.6
041 0 |a slo 
044 |a CZ 
245 1 0 |a Európske družstvo ako forma podnikania  |c Mária Veterníková 
520 |a Základné pojmové znaky európskeho družstva podľa nariadenia a zákona o európskom družstve. Predmet podnikania európskeho družstva. Založenie európskeho družstva. Základné imanie. Vznik a zánik členstva v európskom družstve. Sídlo, orgány európskeho družstva. Účasť zamestnancov na riadení európskeho družstva. 
610 2 0 |a družstvá 
610 2 0 |a úpravy právne 
610 2 0 |a podnikanie 
610 2 0 |a založenie podniku 
610 2 0 |a imanie základné 
610 2 0 |a účasť na riadení 
610 2 0 |a Európska únia 
100 1 |a Veterníková, Mária, 1964-